Thermodynamics and statistical mechanics : (Record no. 355556)
[ view plain ]
| 000 -LEADER | |
|---|---|
| fixed length control field | 02104cam a2200325 i 4500 |
| 001 - CONTROL NUMBER | |
| control field | 18125785 |
| 003 - CONTROL NUMBER IDENTIFIER | |
| control field | Nust- CAS-E |
| 005 - DATE AND TIME OF LATEST TRANSACTION | |
| control field | 20180118181405.0 |
| 008 - FIXED-LENGTH DATA ELEMENTS--GENERAL INFORMATION | |
| fixed length control field | 140411s2014 enka 001 0 eng c |
| 010 ## - LIBRARY OF CONGRESS CONTROL NUMBER | |
| LC control number | 2013039738 |
| 020 ## - INTERNATIONAL STANDARD BOOK NUMBER | |
| International Standard Book Number | 9781118501016 (cloth) |
| 020 ## - INTERNATIONAL STANDARD BOOK NUMBER | |
| International Standard Book Number | 9781118501009 (pbk.) |
| 040 ## - CATALOGING SOURCE | |
| Original cataloging agency | OU/DLC |
| Language of cataloging | eng |
| Transcribing agency | OU |
| Description conventions | rda |
| Modifying agency | DLC |
| 042 ## - AUTHENTICATION CODE | |
| Authentication code | pcc |
| 050 00 - LIBRARY OF CONGRESS CALL NUMBER | |
| Classification number | QC311 |
| Item number | .H3273 2014 |
| 082 00 - DEWEY DECIMAL CLASSIFICATION NUMBER | |
| Classification number | 536 |
| Edition number | 23 |
| Author Mark | HAR-T 2014 |
| 100 1# - MAIN ENTRY--PERSONAL NAME | |
| Personal name | Hardy, Robert J., |
| Dates associated with a name | 1935- |
| Relator term | author. |
| 245 10 - TITLE STATEMENT | |
| Title | Thermodynamics and statistical mechanics : |
| Remainder of title | an integrated approach / |
| Statement of responsibility, etc. | Robert J. Hardy and Christian Binek, Department of Physics, University of Nebraska-Lincoln, USA. |
| 300 ## - PHYSICAL DESCRIPTION | |
| Extent | xiv, 518 pages |
| Other physical details | illustrations, |
| Dimensions | 25 cm |
| 500 ## - GENERAL NOTE | |
| General note | Includes index. |
| 502 ## - DISSERTATION NOTE | |
| Dissertation note | 0 |
| 505 0# - FORMATTED CONTENTS NOTE | |
| Formatted contents note | First law of thermodynamics -- Properties and partial derivatives -- Processes in gases -- Phase transitions -- Reversible and irreversible processes -- The second law and carnot cycles -- Temperature scales and absolute zero -- State space and differentials -- Entropy -- Consequences of existence of entropy -- Thermodynamic potentials -- Phase transitions and open systems -- Dielectric and magnetic systems -- Molecular models -- Kinetic theory of gases -- Microscopic significance of entropy -- Ensembles -- Partition function -- Quantum systems -- Independent particles and paramagnetism -- Fluctuations and energy distributions -- Generalizations and diatomic gasesi -- Photons and phonons -- Grand canonical ensemble -- Fermions and bosons -- Fermi and bose gases -- Inter-particle interactions -- Computer simulations. |
| 650 #0 - SUBJECT ADDED ENTRY--TOPICAL TERM | |
| Topical term or geographic name entry element | Thermodynamics |
| Form subdivision | Textbooks. |
| 650 #0 - SUBJECT ADDED ENTRY--TOPICAL TERM | |
| Topical term or geographic name entry element | Statistical mechanics |
| Form subdivision | Textbooks. |
| 700 1# - ADDED ENTRY--PERSONAL NAME | |
| Personal name | Binek, Christian, |
| Relator term | author. |
| 776 08 - ADDITIONAL PHYSICAL FORM ENTRY | |
| Relationship information | Online version: |
| Main entry heading | Hardy, Robert J., 1935- author. |
| Title | Thermodynamics and statistical mechanics |
| Place, publisher, and date of publication | Chichester, West Sussex : John Wiley & Sons Inc., 2014 |
| International Standard Book Number | 9781118676370 |
| Record control number | (DLC) 2014016884 |
| 906 ## - LOCAL DATA ELEMENT F, LDF (RLIN) | |
| a | 7 |
| b | cbc |
| c | orignew |
| d | 1 |
| e | ecip |
| f | 20 |
| g | y-gencatlg |
| 942 ## - ADDED ENTRY ELEMENTS (KOHA) | |
| Source of classification or shelving scheme | |
| Koha item type | Book |
| Withdrawn status | Lost status | Source of classification or shelving scheme | Damaged status | Not for loan | Collection code | Permanent Location | Current Location | Shelving location | Date acquired | Source of acquisition | Cost, normal purchase price | Total Checkouts | Full call number | Barcode | Date last seen | Price effective from | Koha item type |
|---|---|---|---|---|---|---|---|---|---|---|---|---|---|---|---|---|---|
| US-Pakistan Center for Advanced Studies in Energy (USPCAS-E) | US-Pakistan Center for Advanced Studies in Energy (USPCAS-E) | 10/28/2015 | Multiline Books | 5025.00 | 536 HAR-T 2014 | CAS-E0000536 | 10/28/2015 | 10/28/2015 | Book |
